00351nam a2200133Ia 4500008004100000100002200041245004900063250001200112260005000124300000800174650001300182942000700195999001500202190216s9999||||xx |||||||||||||| ||und|| aByron S Gottfried 0aProgramming With Pascal- Theory And Problems a2nd Ed. bTata Mcgraw Hill Publishing Company Ltdc1995 a428 aComputer cBK c8473d8473